Plasty. STN 64 3010. EN ISO 1872-2/A1 : Polyetylén (PE) na vstrekovanie a vytláčanie. Časť 2: Príprava skúšobných telies a stanovenie vlastností.Zmena A1. Január 2002

Salvato in:
Dettagli Bibliografici
Natura: Libro
Lingua:slovacco
Pubblicazione: Bratislava : Slovenský ústav technickej normalizácie, 2002
Soggetti:
Tags: Aggiungi Tag
Nessun Tag, puoi essere il primo ad aggiungerne!!

MARC

LEADER 00000nam a22000003a 4500
001 stu79322
005 20150408161602.2
008 030226s2002----xo------------------slo-d
040 |a STU  |b slo 
041 0 |a slo 
044 |a xo 
080 |a 678 
245 |a Plasty. STN 64 3010. EN ISO 1872-2/A1 :  |b Polyetylén (PE) na vstrekovanie a vytláčanie. Časť 2: Príprava skúšobných telies a stanovenie vlastností.Zmena A1. Január 2002 
260 |a Bratislava :  |b Slovenský ústav technickej normalizácie,  |c 2002 
300 |a 8 s 
650 7 |a plasty  |2 stusub 
650 7 |a polyetylén  |2 stusub 
996 |b 284M039181  |c M*N-516/4-1  |l MMKN  |s A  |a 24  |w stu79322_0001